000 00367nam a2200145Ia 4500
008 240624s9999 xx 000 0 und d
041 _aeng
082 _a904 GUN
100 _aGUNN ANGUS M
245 _aENCYCLOPEDIA OF DISASTERS ENVIRONMENTAL
260 _c2008
_aLondon
_bGreenwood Press
300 _alxiii, : 358 : p. : cm. ; 26
365 _c
_b25
440 _v1
999 _c23220
_d23220